书目信息 |
| 题名: |
安全工程实践教学综合实验指导书
|
|
| 作者: | 张敬东 , 余明远 编 | |
| 分册: | ||
| 出版信息: | 北京 冶金工业出版社 2009.08 |
|
| 页数: | 260页 | |
| 开本: | 26cm | |
| 丛书名: | ||
| 单 册: | ||
| 中图分类: | X93 | |
| 科图分类: | ||
| 主题词: | 安全工程--高等学校--教学参考资料 | |
| 电子资源: | ||
| ISBN: | 978-7-5024-4987-2 | |
| 000 | 01049nam0 2200265 450 | |
| 001 | 012010610895 | |
| 005 | 20100617161947.04 | |
| 009 | 012004398193 | |
| 010 | @a978-7-5024-4987-2@dCNY38.00 | |
| 100 | @a20100515d2009 em y0chiy0110 ea | |
| 101 | 0 | @achi |
| 102 | @aCN@b110000 | |
| 105 | @aa a 000yy | |
| 200 | 1 | @a安全工程实践教学综合实验指导书@Aan quan gong cheng shi jian jiao xue zong he shi yan zhi dao shu@f张敬东, 余明远等编@Fzhang jing dong,yu ming yuan deng bian |
| 210 | @a北京@c冶金工业出版社@d2009.08 | |
| 215 | @a260页@c图@d26cm | |
| 300 | @a高等学校实验实训规划教材 | |
| 320 | @a有书目 (第260页) | |
| 330 | @a本书内容覆盖了安全工程专业基础课和专业课全部必做实验,包括:普通化学、普通物理、电工电子、流体力学、工程力学、工程地质、安全人机工程、环境安全与职业卫生、通风除尘、应急救援以及安全检测等十一门课程的实验教学内容。 | |
| 606 | 0 | @a安全工程@x高等学校@j教学参考资料 |
| 690 | @aX93@v4 | |
| 701 | 0 | @a张敬东@Azhang jing dong@4编 |
| 701 | 0 | @a余明远@Ayu ming yuan@4编 |
| 801 | 0 | @aCN@c20100515 |
| 905 | @dX93@eZ120@f3 | |
| 安全工程实践教学综合实验指导书/张敬东, 余明远等编.-北京:冶金工业出版社,2009.08 |
| 260页:图;26cm |
| 高等学校实验实训规划教材 |
| ISBN 978-7-5024-4987-2:CNY38.00 |
| 本书内容覆盖了安全工程专业基础课和专业课全部必做实验,包括:普通化学、普通物理、电工电子、流体力学、工程力学、工程地质、安全人机工程、环境安全与职业卫生、通风除尘、应急救援以及安全检测等十一门课程的实验教学内容。 |
| ● |
| 相关链接 |
|
|
|
正题名:安全工程实践教学综合实验指导书
索取号:X93/Z120
 
预约/预借
| 序号 | 登录号 | 条形码 | 馆藏地/架位号 | 状态 | 备注 |
| 1 | 987391 | 209873911 | 市政与环境工程学院资料室/501自科库 121排2列2层/ [索取号:X93/Z120] | 在馆 | |
| 2 | 987392 | 209873920 | 自科库501/501自科库 121排2列2层/ [索取号:X93/Z120] | 在馆 | |
| 3 | 987393 | 209873939 | 自科库501/501自科库 121排2列2层/ [索取号:X93/Z120] | 在馆 |